000 00901cam a2200241 a 4500
001 000005141
005 20200929151605.0
008 901228s1986 nq 000 p spa d
040 _aDO-SdBNP
_bspa
_cBNPHU
_dBNPHU
082 _aN861.42
_bP164a
100 1 _aPallais, Azarías H.,
_d1884-1954
_914713
245 1 0 _aAntología /
_cAzarías H. Pallais ; selección y prólogo de Ernesto Cardenal ; edición Elízabeth Fonseca.
260 _aManagua, Nicaragua :
_bEditorial Nueva Nicaragua,
_c1986.
300 _a443 p. ;
_c20 cm.
490 1 _aLetras de Nicaragua
_v19
500 _aIncluye datos biográficos del autor en la contracubierta
650 4 _aPoesía nicaragüense
_ySIGLO XX
_98121
650 4 _aLiteratura nicaragüense
_98122
700 1 _aCardenal, Ernesto
_epról.
_914714
700 1 _aFonseca, Elízabeth
_eed.
_914715
830 0 _aLetras de Nicaragua ;
_n19.
_914716
049 _aBNGR
999 _c4944
_d4944